| 000 | 00554nam a2200193Ia 4500 | ||
|---|---|---|---|
| 003 | OSt | ||
| 005 | 20260224112614.0 | ||
| 008 | 250729s2005 xx 000 0 und d | ||
| 040 | _cAL | ||
| 041 | _akan | ||
| 082 | _a494.507 OBAP | ||
| 100 |
_aಓಬಲೇಶಘಟ್ಟಿ ಆರ್ _9229676 |
||
| 245 | _aಪ್ರಾಥಮಿಕ ಶಾಲೆಗಳಲ್ಲಿ ಕನ್ನಡ ಭಾಷಾ ಬೋಧನೆ | ||
| 260 |
_aಗದಗ _c2005 |
||
| 300 | _a313p | ||
| 650 |
_aKannada _9229677 |
||
| 700 |
_aRao Digumurthi _9229678 |
||
| 942 |
_2ddc _cBED |
||
| 999 |
_c238411 _d238411 |
||